[Event "Monarch Assurance Isle of Man 12th"]
[Site "Port Erin IOM"]
[Date "2003.10.02"]
[Round "6.28"]
[White "Braunlich, Tom"]
[Black "Jonkman, Harmen"]
[Result "0-1"]
[WhiteElo "2135"]
[BlackElo "2424"]
[PlyCount "60"]
[EventDate "2003.09.27"]
[EventType "swiss"]
[EventRounds "9"]
[EventCountry "IOM"]
[SourceTitle "BritBase"]
[SourceDate "2008.07.14"]
[SourceVersion "1"]
[SourceVersionDate "2008.07.14"]
[SourceQuality "2"]

1. d4 d5 2. c4 dxc4 3. e4 Nf6 4. e5 Nd5 5. Bxc4 Nc6 6. Nc3 Nb6 7. Bb5 a6 8.
Bxc6+ bxc6 9. Nge2 e6 10. Be3 a5 11. O-O Ba6 12. Qc2 Be7 13. Rfd1 O-O 14. Ne4
Bc4 15. N2g3 Bd5 16. Nh5 Kh8 17. Rac1 Nc4 18. Nf4 Nxb2 19. Re1 Nc4 20. Nd2 Na3
21. Qa4 Bb4 22. Nxd5 cxd5 23. Qc6 Bxd2 24. Bxd2 Nc4 25. Rc2 Qb8 26. Bg5 Qb6 27.
Qd7 Qxd4 28. Be7 Rfe8 29. Qxc7 Ra7 30. Bc5 Qxf2+ 0-1

[Event "Monarch Assurance Isle of Man 12th"]
[Site "Port Erin IOM"]
[Date "2003.10.02"]
[Round "6.29"]
[White "Devereaux, Max"]
[Black "Horton, E Justin"]
[Result "1/2-1/2"]
[WhiteElo "2329"]
[BlackElo "2120"]
[PlyCount "83"]
[EventDate "2003.09.27"]
[EventType "swiss"]
[EventRounds "9"]
[EventCountry "IOM"]
[SourceTitle "BritBase"]
[SourceDate "2008.07.14"]
[SourceVersion "1"]
[SourceVersionDate "2008.07.14"]
[SourceQuality "2"]

1. d4 Nf6 2. c4 e6 3. Nf3 d5 4. Bg5 h6 5. Bxf6 Qxf6 6. Nc3 c6 7. e3 Nd7 8. Rc1
g6 9. Be2 Bg7 10. O-O O-O 11. cxd5 exd5 12. b4 a6 13. a4 Qd6 14. Qb3 b5 15.
axb5 axb5 16. e4 dxe4 17. Nxe4 Qe7 18. Bd3 Nb6 19. Rxc6 Be6 20. Qb1 Nc4 21. Nc3
Bg4 22. Bxc4 Bxf3 23. Bd5 Bxd5 24. Nxd5 Qg5 25. Nc7 Rab8 26. Rc5 Qf4 27. d5 Bd4
28. g3 Qf3 29. Rcc1 Bb6 30. d6 Rfd8 31. Rcd1 Qc6 32. Nd5 Qxd6 33. Qb2 Qxd5 34.
Rxd5 Rxd5 35. Qf6 Bd4 36. Qc6 Rbd8 37. Kg2 Bg7 38. Re1 Bf8 39. Re4 Rd4 40. Re5
Rxb4 41. h4 h5 42. Rxb5 1/2-1/2

[Event "Monarch Assurance Isle of Man 12th"]
[Site "Port Erin IOM"]
[Date "2003.10.02"]
[Round "6.30"]
[White "Bjarnason, Oskar"]
[Black "Goodger, Martyn"]
[Result "1/2-1/2"]
[WhiteElo "2261"]
[BlackElo "2114"]
[PlyCount "77"]
[EventDate "2003.09.27"]
[EventType "swiss"]
[EventRounds "9"]
[EventCountry "IOM"]
[SourceTitle "BritBase"]
[SourceDate "2008.07.14"]
[SourceVersion "1"]
[SourceVersionDate "2008.07.14"]
[SourceQuality "2"]

1. d4 f5 2. c4 Nf6 3. g3 g6 4. Bg2 Bg7 5. Nf3 d6 6. Nc3 O-O 7. O-O Qe8 8. d5 a5
9. Rb1 Na6 10. a3 Nc5 11. Nb5 Qd7 12. b4 axb4 13. axb4 Nce4 14. Nfd4 c6 15. f3
Nxg3 16. hxg3 cxb5 17. Nxb5 Qd8 18. Be3 Nh5 19. Kf2 Bd7 20. Nd4 Nxg3 21. Kxg3
f4+ 22. Bxf4 Rxf4 23. Kxf4 Bxd4 24. Ke4 Bg7 25. f4 Bf5+ 26. Kf3 Bxb1 27. Qxb1
Ra3+ 28. e3 Qb6 29. Qe4 Bf6 30. Rb1 Ra2 31. Qe6+ {(=)} Kg7 32. c5 Qa6 {(=)} 33.
Bf1 Qa4 34. cxd6 Qc2 35. dxe7 Qf2+ 36. Ke4 Qc2+ 37. Kf3 Qf2+ 38. Ke4 Qc2+ 39.
Kf3 1/2-1/2

[Event "Monarch Assurance Isle of Man 12th"]
[Site "Port Erin IOM"]
[Date "2003.10.02"]
[Round "6.31"]
[White "Hutchinson, Paul A"]
[Black "Gruettner, Ralf"]
[Result "1-0"]
[WhiteElo "2255"]
[BlackElo "2073"]
[PlyCount "129"]
[EventDate "2003.09.27"]
[EventType "swiss"]
[EventRounds "9"]
[EventCountry "IOM"]
[SourceTitle "BritBase"]
[SourceDate "2008.07.14"]
[SourceVersion "1"]
[SourceVersionDate "2008.07.14"]
[SourceQuality "2"]

1. e4 Nf6 2. Nc3 d5 3. exd5 Nxd5 4. Nf3 Bg4 5. Be2 e6 6. O-O c6 7. d4 Nd7 8.
Ne4 Be7 9. c4 N5f6 10. Nc3 O-O 11. Bf4 Qa5 12. Qd2 Bb4 13. Qe3 c5 14. a3 Bxc3
15. bxc3 b5 16. Bd6 Rfc8 17. h3 Bh5 18. dxc5 bxc4 19. g4 Bg6 20. Nd2 Nd5 21.
Nxc4 Nxe3 22. Nxa5 Nxf1 23. c6 Nb6 24. Bxf1 Rd8 25. Bg3 Rd5 26. Nb7 Rc8 27. c4
Rd4 28. Na5 Be4 29. c5 Na4 30. Ba6 Rxc6 31. Nxc6 Bxc6 32. Bd6 h6 33. Rb1 Nc3
34. Rc1 Ra4 35. Bf1 Rxa3 36. Kh2 Nd5 37. Rb1 Kh7 38. Bb5 Nc3 39. Bxc6 Nxb1 40.
Be4+ g6 41. Bxb1 Rc3 42. Be4 a5 43. Bb7 f6 44. Bc6 Kg7 45. Bb5 Kf7 46. c6 e5
47. Bc7 Rc5 48. Ba4 Ke7 49. Bb6 Rc4 50. c7 Kd6 51. Bxa5 f5 52. Bb5 Rc2 53. Ba6
Rxc7 54. Bxc7+ Kxc7 55. Kg3 Kd6 56. Bc4 Ke7 57. gxf5 gxf5 58. Kh4 Kf6 59. Kh5
Kg7 60. h4 e4 61. Bd5 Kh8 62. Kg6 e3 63. fxe3 f4 64. exf4 h5 65. Bf3 1-0

[Event "Monarch Assurance Isle of Man 12th"]
[Site "Port Erin IOM"]
[Date "2003.10.02"]
[Round "6.32"]
[White "Porat, Ido"]
[Black "Radovanovic, Jovica"]
[Result "1/2-1/2"]
[WhiteElo "2147"]
[BlackElo "2239"]
[PlyCount "41"]
[EventDate "2003.09.27"]
[EventType "swiss"]
[EventRounds "9"]
[EventCountry "IOM"]
[SourceTitle "BritBase"]
[SourceDate "2008.07.14"]
[SourceVersion "1"]
[SourceVersionDate "2008.07.14"]
[SourceQuality "2"]

1. d4 Nf6 2. c4 g6 3. Nc3 Bg7 4. e4 d6 5. Nf3 O-O 6. Be2 e5 7. O-O Nbd7 8. Re1
c6 9. d5 Nc5 10. Qc2 a5 11. Be3 cxd5 12. cxd5 Nh5 13. Bxc5 dxc5 14. Na4 b6 15.
Qb3 Bd7 16. Bb5 Rb8 17. Nc3 Nf4 18. g3 Nh3+ 19. Kg2 Bc8 20. Rad1 Kh8 21. Rd2
1/2-1/2

[Event "Monarch Assurance Isle of Man 12th"]
[Site "Port Erin IOM"]
[Date "2003.10.02"]
[Round "6.33"]
[White "Ashton, Adam"]
[Black "Egeland, Marte"]
[Result "1-0"]
[WhiteElo "2234"]
[BlackElo "1990"]
[PlyCount "67"]
[EventDate "2003.09.27"]
[EventType "swiss"]
[EventRounds "9"]
[EventCountry "IOM"]
[SourceTitle "BritBase"]
[SourceDate "2008.07.14"]
[SourceVersion "1"]
[SourceVersionDate "2008.07.14"]
[SourceQuality "2"]

1. e4 d5 2. exd5 Nf6 3. Be2 Bf5 4. d4 Nxd5 5. Nf3 e6 6. O-O Be7 7. a3 O-O 8. c4
Nb6 9. Nc3 c6 10. Bf4 N8d7 11. Qb3 Nf6 12. Rfd1 Qc8 13. Rac1 Rd8 14. h3 Ne4 15.
Nxe4 Bxe4 16. Qe3 Bf5 17. g4 Bg6 18. Ne5 Nd7 19. Nxg6 hxg6 20. d5 Bc5 21. Qg3
e5 22. Be3 Bxe3 23. Qxe3 c5 24. g5 Re8 25. d6 Qd8 26. Rd5 Rc8 27. Rcd1 Rc6 28.
Bg4 Rb6 29. R1d2 Rf8 30. b4 cxb4 31. c5 Rb5 32. Bxd7 Qxd7 33. a4 Ra5 34. c6 1-0

[Event "Monarch Assurance Isle of Man 12th"]
[Site "Port Erin IOM"]
[Date "2003.10.02"]
[Round "6.35"]
[White "Kovachev, Daniel"]
[Black "Hughes, Howard"]
[Result "0-1"]
[WhiteElo "2066"]
[BlackElo "2215"]
[PlyCount "92"]
[EventDate "2003.09.27"]
[EventType "swiss"]
[EventRounds "9"]
[EventCountry "IOM"]
[SourceTitle "BritBase"]
[SourceDate "2008.07.14"]
[SourceVersion "1"]
[SourceVersionDate "2008.07.14"]
[SourceQuality "2"]

1. e4 d5 2. Nc3 d4 3. Nce2 e5 4. Ng3 Be6 5. Nf3 f6 6. Bb5+ Nd7 7. Ba4 c6 8. d3
Qa5+ 9. c3 dxc3 10. O-O Nc5 11. Bc2 O-O-O 12. Qe2 cxb2 13. Bxb2 Na4 14. Bxa4
Qxa4 15. Rac1 Ba3 16. Rc2 Ne7 17. Rb1 Rd7 18. d4 exd4 19. Nxd4 Rxd4 20. Bxd4
Qxd4 21. Nh5 Rd8 22. Nxg7 Bf7 23. Nh5 Bxh5 24. Qxh5 Qd3 25. Qe2 Ng6 26. g3 Ne5
27. Kg2 Qxe2 28. Rxe2 Kc7 29. Rb3 Bc5 30. f4 Nc4 31. Rc3 b5 32. g4 Bd4 33. Rh3
Rd7 34. Rh6 a5 35. h4 {(=)} b4 36. g5 fxg5 37. hxg5 a4 38. f5 b3 39. axb3 axb3
40. Re1 b2 41. Kg3 Be5+ 42. Kg4 Ne3+ 43. Kf3 Nd1 44. Rxh7 b1=Q 45. Rxd7+ Kxd7
46. Ke2 Nc3+ 0-1

[Event "Monarch Assurance Isle of Man 12th"]
[Site "Port Erin IOM"]
[Date "2003.10.02"]
[Round "6.36"]
[White "Lutton, E Josiah"]
[Black "Spence, David J"]
[Result "1/2-1/2"]
[WhiteElo "2031"]
[BlackElo "2187"]
[PlyCount "80"]
[EventDate "2003.09.27"]
[EventType "swiss"]
[EventRounds "9"]
[EventCountry "IOM"]
[SourceTitle "BritBase"]
[SourceDate "2008.07.14"]
[SourceVersion "1"]
[SourceVersionDate "2008.07.14"]
[SourceQuality "2"]

1. e4 e6 2. Nc3 d5 3. d4 Bb4 4. e5 c5 5. Bd2 Ne7 6. Nb5 Bxd2+ 7. Qxd2 O-O 8.
dxc5 Nbc6 9. f4 b6 10. cxb6 Qxb6 11. c3 Rb8 12. b3 Bd7 13. Nd4 f6 14. Ngf3 fxe5
15. fxe5 Qc7 16. Nb5 Qa5 17. Nbd4 Ng6 18. Nxc6 Bxc6 19. Bd3 Rxb3 20. O-O Qc5+
21. Nd4 Rbb8 22. Bxg6 hxg6 23. Kh1 Bd7 24. Qc2 Kh7 25. Qd3 Rbc8 26. Rxf8 Rxf8
27. Rb1 Rc8 28. h3 Qxc3 29. Qxc3 Rxc3 30. Rb7 Bc8 31. Rxa7 Rc4 32. Nb5 g5 33.
Nd6 Rc1+ 34. Kh2 Kg6 35. Kg3 Rc3+ {(=)} 36. Kf2 g4 37. hxg4 Kg5 38. Re7 Kf4 39.
Nxc8 Rxc8 {(=)} 40. Rxe6 Rc2+ 1/2-1/2

[Event "Monarch Assurance Isle of Man 12th"]
[Site "Port Erin IOM"]
[Date "2003.10.02"]
[Round "6.37"]
[White "Stubberud, Ornulf"]
[Black "Shaw, David A"]
[Result "1/2-1/2"]
[WhiteElo "1965"]
[BlackElo "2183"]
[PlyCount "74"]
[EventDate "2003.09.27"]
[EventType "swiss"]
[EventRounds "9"]
[EventCountry "IOM"]
[SourceTitle "BritBase"]
[SourceDate "2008.07.14"]
[SourceVersion "1"]
[SourceVersionDate "2008.07.14"]
[SourceQuality "2"]

1. e4 e5 2. Nf3 Nc6 3. Bb5 a6 4. Ba4 Nf6 5. O-O Nxe4 6. d4 b5 7. Bb3 d5 8. dxe5
Be6 9. Be3 Be7 10. h3 O-O 11. Nbd2 Nc5 12. Bxc5 Bxc5 13. c3 Qe7 14. Bc2 Bb6 15.
Nb3 f6 16. Qd3 g6 17. Rae1 fxe5 18. Nxe5 Nxe5 19. Rxe5 Rxf2 20. Nd4 Rxf1+ 21.
Qxf1 Qd6 22. Qf6 Bf7 23. Qxd6 cxd6 24. Re3 Rc8 25. Bb3 b4 26. Kf1 bxc3 27. bxc3
Ba5 28. Ne2 Kf8 29. Rd3 Ke7 30. Kf2 Bg8 31. Ke3 Kd7 32. Kd2 Rc5 33. Nf4 Kc6 34.
Ba4+ Kc7 35. Bb3 Kc6 36. Ba4+ Kb7 37. Bb3 Kc6 1/2-1/2

[Event "Monarch Assurance Isle of Man 12th"]
[Site "Port Erin IOM"]
[Date "2003.10.02"]
[Round "6.38"]
[White "McPhillips, Karl"]
[Black "Walton, Alan J"]
[Result "1-0"]
[WhiteElo "1918"]
[BlackElo "2158"]
[PlyCount "65"]
[EventDate "2003.09.27"]
[EventType "swiss"]
[EventRounds "9"]
[EventCountry "IOM"]
[SourceTitle "BritBase"]
[SourceDate "2008.07.14"]
[SourceVersion "1"]
[SourceVersionDate "2008.07.14"]
[SourceQuality "2"]

1. d4 e6 2. c4 f5 3. Nf3 Nf6 4. g3 Be7 5. Bg2 d6 6. O-O O-O 7. Nc3 Ne4 8. Qc2
Nxc3 9. Qxc3 a5 10. Re1 Qe8 11. Bg5 Bxg5 12. Nxg5 e5 13. dxe5 dxe5 14. Bd5+ Kh8
15. Rad1 Nc6 16. c5 h6 17. Nf3 e4 18. Nd4 Nxd4 19. Rxd4 c6 20. Bb3 Qh5 21. e3
Qg5 22. Red1 Qf6 23. Rd6 Qxc3 24. bxc3 a4 25. Rd8 Bd7 26. Rxf8+ Rxf8 27. Rxd7
axb3 28. axb3 Rb8 29. b4 Kh7 30. f3 exf3 31. Kf2 b6 32. cxb6 Rxb6 33. Kxf3 1-0

[Event "Monarch Assurance Isle of Man 12th"]
[Site "Port Erin IOM"]
[Date "2003.10.02"]
[Round "6.39"]
[White "Fairbairn, Stephen"]
[Black "May, F WLS."]
[Result "1/2-1/2"]
[WhiteElo "2096"]
[BlackElo "2153"]
[PlyCount "35"]
[EventDate "2003.09.27"]
[EventType "swiss"]
[EventRounds "9"]
[EventCountry "IOM"]
[SourceTitle "BritBase"]
[SourceDate "2008.07.14"]
[SourceVersion "1"]
[SourceVersionDate "2008.07.14"]
[SourceQuality "2"]

1. d4 d5 2. Nf3 e6 3. c4 c6 4. cxd5 exd5 5. Nc3 Bd6 6. Qc2 Ne7 7. Bg5 f6 8. Bh4
Bf5 9. Qb3 Qb6 10. Qxb6 axb6 11. e3 Na6 12. Be2 Nb4 13. Kd2 O-O 14. Bg3 Rfd8
15. a3 Na6 16. Bxd6 Rxd6 17. Rhc1 Bg4 18. Ne1 1/2-1/2

[Event "Monarch Assurance Isle of Man 12th"]
[Site "Port Erin IOM"]
[Date "2003.10.02"]
[Round "6.40"]
[White "Coathup, Roger"]
[Black "Moes, Waldemar"]
[Result "1/2-1/2"]
[WhiteElo "2134"]
[BlackElo "2027"]
[PlyCount "87"]
[EventDate "2003.09.27"]
[EventType "swiss"]
[EventRounds "9"]
[EventCountry "IOM"]
[SourceTitle "BritBase"]
[SourceDate "2008.07.14"]
[SourceVersion "1"]
[SourceVersionDate "2008.07.14"]
[SourceQuality "2"]

1. d4 Nf6 2. c4 g6 3. Nc3 Bg7 4. e4 d6 5. Be2 O-O 6. Bg5 c5 7. d5 h6 8. Bf4 b5
9. cxb5 a6 10. a4 axb5 11. Bxb5 Ba6 12. Nf3 Nbd7 13. O-O Qc7 14. Nd2 Kh7 15.
Qe2 Bxb5 16. Nxb5 Qb7 17. Nc4 Ne8 18. e5 dxe5 19. Nxe5 Nb6 20. Nc3 Nf6 21. Be3
Nfxd5 22. Bxc5 Nxc3 23. bxc3 Nxa4 24. Bd4 f6 25. Nxg6 Kxg6 26. Qc2+ f5 27. Bxg7
Kxg7 28. Rxa4 e6 29. Rxa8 Qxa8 30. c4 Qc6 31. Qc3+ Kh7 32. c5 Rg8 33. g3 Rc8
34. Rc1 Rd8 35. Qf6 Rd7 36. h4 Rg7 37. Qe5 Rd7 38. h5 Rg7 39. Rd1 Qf3 40. Re1
f4 41. Qxe6 Rxg3+ 42. fxg3 Qxg3+ 43. Kh1 Qf3+ 44. Kg1 1/2-1/2

[Event "Monarch Assurance Isle of Man 12th"]
[Site "Port Erin IOM"]
[Date "2003.10.02"]
[Round "6.42"]
[White "Murtagh, Dermot"]
[Black "Shepherd, Michael"]
[Result "0-1"]
[WhiteElo "1798"]
[BlackElo "2037"]
[PlyCount "52"]
[EventDate "2003.09.27"]
[EventType "swiss"]
[EventRounds "9"]
[EventCountry "IOM"]
[SourceTitle "BritBase"]
[SourceDate "2008.07.14"]
[SourceVersion "1"]
[SourceVersionDate "2008.07.14"]
[SourceQuality "2"]

1. e4 c5 2. Nf3 Nc6 3. Bb5 g6 4. O-O Bg7 5. c3 Nf6 6. Qe2 O-O 7. d4 cxd4 8.
cxd4 d5 9. e5 Ne8 10. h3 Qb6 11. Be3 Nc7 12. Nc3 Nxb5 13. Qxb5 Qxb5 14. Nxb5
Rd8 15. Nd2 Bf5 16. Rfc1 a6 17. Na3 f6 18. f4 fxe5 19. fxe5 Nxe5 20. dxe5 Bxe5
21. Ndc4 dxc4 22. Nxc4 Bf6 23. Nb6 Rab8 24. g4 Be4 25. Rc5 Rd3 26. Bf4 Bd4+ 0-1

[Event "Monarch Assurance Isle of Man 12th"]
[Site "Port Erin IOM"]
[Date "2003.10.02"]
[Round "6.43"]
[White "Spanton, Tim"]
[Black "Daly, Colm"]
[Result "0-1"]
[WhiteElo "2021"]
[BlackElo "2355"]
[PlyCount "86"]
[EventDate "2003.09.27"]
[EventType "swiss"]
[EventRounds "9"]
[EventCountry "IOM"]
[SourceTitle "BritBase"]
[SourceDate "2008.07.14"]
[SourceVersion "1"]
[SourceVersionDate "2008.07.14"]
[SourceQuality "2"]

1. e4 c5 2. Nf3 e6 3. d4 cxd4 4. Nxd4 Nc6 5. c4 Nf6 6. Nc3 Bb4 7. Nxc6 dxc6 8.
Qxd8+ Kxd8 9. Bd3 Nd7 10. Be3 Ke7 11. O-O-O Bc5 12. Bxc5+ Nxc5 13. e5 f5 14. f4
a5 15. b3 Bd7 16. Rd2 g5 17. g3 gxf4 18. gxf4 Rag8 19. Be2 Rg6 20. Bf3 Rhg8 21.
Rhd1 Rg1 22. Ne2 Rxd1+ 23. Rxd1 Rg6 24. Rg1 Rxg1+ 25. Nxg1 Nd3+ 26. Kd2 Nxf4
27. Ke3 Ng6 28. Kd4 b6 29. c5 bxc5+ 30. Kxc5 Nxe5 31. Kb6 Kd6 32. Kxa5 c5 33.
Kb6 c4 34. bxc4 Nxc4+ 35. Kb7 e5 36. Be2 Bc6+ 37. Ka6 Nd2 38. Nh3 h6 39. Nf2 e4
40. Bb5 f4 41. a4 h5 42. Ka5 e3 43. Nd3 f3 0-1

[Event "Monarch Assurance Isle of Man 12th"]
[Site "Port Erin IOM"]
[Date "2003.10.02"]
[Round "6.44"]
[White "Van Kemenade, Rudy"]
[Black "Loughran, John"]
[Result "1-0"]
[WhiteElo "2140"]
[BlackElo "1830"]
[PlyCount "120"]
[EventDate "2003.09.27"]
[EventType "swiss"]
[EventRounds "9"]
[EventCountry "IOM"]
[SourceTitle "BritBase"]
[SourceDate "2008.07.14"]
[SourceVersion "1"]
[SourceVersionDate "2008.07.14"]
[SourceQuality "2"]

1. e4 c5 2. Nf3 e6 3. d4 cxd4 4. Nxd4 a6 5. Nd2 Qc7 6. g3 Nc6 7. Nxc6 bxc6 8.
Bg2 Bb7 9. Qe2 d5 10. c4 Nf6 11. O-O Bc5 12. Nb3 Be7 13. exd5 cxd5 14. Bf4 Qb6
15. Be3 Qd8 16. Rfd1 O-O 17. Bd4 Re8 18. Qe3 Qc7 19. Rac1 dxc4 20. Bb6 Qb8 21.
Bxb7 Qxb7 22. Na5 Qb8 23. Nxc4 Nd5 24. Qd4 Bf6 25. Qc5 Rc8 26. Qa5 Rxc4 27.
Rxc4 Nxb6 28. Rb4 Bd8 29. Rxd8+ Qxd8 30. Rxb6 g6 {(=)} 31. h4 h5 32. b4 Qc8 33.
Qe5 Qd8 34. Rd6 Qb8 35. Qd4 Qc8 36. Kh2 Qe8 37. Rd7 Qf8 38. a3 Qe8 39. Qd6 Qf8
40. Qc7 Qe8 41. Qd6 Qf8 42. Qd3 Qe8 43. Rc7 Qf8 44. Qf3 Kg7 45. Kg2 Qe8 46.
Rxf7+ Qxf7 47. Qxa8 e5 48. Qxa6 Qd5+ 49. Kh2 Qd4 50. Qe2 Qc3 51. b5 Qxa3 52.
Qxe5+ Kf7 53. Qe3 Qb2 54. b6 Kf6 55. Kg2 Kg7 56. Qc5 Qb3 57. Qc6 Kh7 58. b7 Kh6
59. Qc7 Qd5+ 60. Kh2 Qa2 1-0

[Event "Monarch Assurance Isle of Man 12th"]
[Site "Port Erin IOM"]
[Date "2003.10.02"]
[Round "6.45"]
[White "Tagnon, Nicole"]
[Black "Brekke, Jorunn M"]
[Result "1-0"]
[WhiteElo "2071"]
[BlackElo "1527"]
[PlyCount "39"]
[EventDate "2003.09.27"]
[EventType "swiss"]
[EventRounds "9"]
[EventCountry "IOM"]
[SourceTitle "BritBase"]
[SourceDate "2008.07.14"]
[SourceVersion "1"]
[SourceVersionDate "2008.07.14"]
[SourceQuality "2"]

1. e4 e6 2. d4 d5 3. Nd2 Nf6 4. e5 Nfd7 5. f4 c5 6. c3 Nc6 7. Ndf3 Be7 8. g3
cxd4 9. cxd4 Nb6 10. Ne2 Bd7 11. Nc3 a6 12. a3 Rc8 13. Bd3 Na7 14. h4 Nc4 15.
f5 Nxa3 16. fxe6 fxe6 17. Ng5 N3b5 18. Qh5+ g6 19. Bxg6+ hxg6 20. Qxg6+ 1-0

[Event "Monarch Assurance Isle of Man 12th"]
[Site "Port Erin IOM"]
[Date "2003.10.03"]
[Round "7.3"]
[White "Hebden, Mark"]
[Black "Iordachescu, Viorel"]
[Result "1/2-1/2"]
[WhiteElo "2544"]
[BlackElo "2606"]
[PlyCount "83"]
[EventDate "2003.09.27"]
[EventType "swiss"]
[EventRounds "9"]
[EventCountry "IOM"]
[SourceTitle "BritBase"]
[SourceDate "2008.07.14"]
[SourceVersion "1"]
[SourceVersionDate "2008.07.14"]
[SourceQuality "2"]

1. d4 Nf6 2. Nf3 e6 3. c3 c5 4. Bg5 cxd4 5. cxd4 Qb6 6. Qc1 Nc6 7. e3 Ne4 8.
Bf4 d5 9. Nfd2 Nxd2 10. Qxd2 Bd7 11. Nc3 Rc8 12. Rc1 Na5 13. Bd3 Nc4 14. Bxc4
Rxc4 15. O-O Bb4 16. a3 Be7 17. Nb1 Rxc1 18. Rxc1 Bc6 19. Rc3 O-O 20. Qc1 a5
21. Nd2 a4 22. Nf3 f6 23. Ne1 Ra8 24. Nd3 Bb5 25. Rc8+ Rxc8 26. Qxc8+ Kf7 27.
Nc5 e5 28. Bg3 Bxc5 29. dxc5 Qc6 30. Qxc6 bxc6 31. f3 Ke6 32. Kf2 g5 33. h4 h6
34. hxg5 hxg5 35. Ke1 f5 36. Bf2 f4 37. Kd2 Bc4 38. g3 fxe3+ 39. Bxe3 Kf5 40.
g4+ Kf6 41. Ke1 Bb3 42. Bd2 1/2-1/2

[Event "Monarch Assurance Isle of Man 12th"]
[Site "Port Erin IOM"]
[Date "2003.10.03"]
[Round "7.5"]
[White "Van der Weide, Karel"]
[Black "Kuzmin, Alexey"]
[Result "1/2-1/2"]
[WhiteElo "2412"]
[BlackElo "2583"]
[PlyCount "135"]
[EventDate "2003.09.27"]
[EventType "swiss"]
[EventRounds "9"]
[EventCountry "IOM"]
[SourceTitle "BritBase"]
[SourceDate "2008.07.14"]
[SourceVersion "1"]
[SourceVersionDate "2008.07.14"]
[SourceQuality "2"]

1. e4 c5 2. Nf3 g6 3. d4 Bg7 4. Nc3 cxd4 5. Nxd4 Nc6 6. Be3 Nf6 7. Bc4 d6 8. f3
Qb6 9. Nf5 Qxb2 10. Nxg7+ Kf8 11. Nd5 Nxd5 12. Bxd5 Kxg7 13. Rb1 Qc3+ 14. Kf2
Qa5 15. g4 h5 16. h3 Qc7 17. Qd2 e5 18. Rbd1 b6 19. Bb3 Na5 20. Kg2 Nb7 21. Bd5
Be6 22. Bxb7 Qxb7 23. Qxd6 Qb8 24. Qe7 Qe8 25. Qc7 Bxa2 26. Rd6 Rc8 27. Qxa7
Rxc2+ 28. Rd2 Rxd2+ 29. Bxd2 Qb5 30. Qxa2 Qe2+ 31. Kg1 Qxf3 32. Qd5 Qg3+ 33.
Kf1 Qf3+ 34. Kg1 Qg3+ 35. Kf1 hxg4 36. Rg1 Qxh3+ 37. Ke1 Rh5 38. Rf1 Qh4+ 39.
Kd1 Qe7 40. Be3 g3 41. Rg1 Qf6 42. Rxg3 Qf1+ 43. Kc2 Qe1 44. Qd3 Rh2+ 45. Kb3
Qa5 46. Bc1 Qa2+ 47. Kb4 Qa5+ 48. Kb3 Qa2+ 49. Kb4 Rc2 50. Ba3 Qb1+ 51. Ka4 Qa2
52. Kb5 Rd2 53. Qc3 Rd4 54. Kxb6 Qb1+ 55. Ka5 Qxe4 56. Bc5 Rc4 57. Qa3 Qa8+ 58.
Kb6 Qxa3 59. Rxa3 Rc2 60. Kc6 Rd2 61. Bd6 f6 62. Ra7+ Kh6 63. Rf7 Rf2 64. Kd5
Kg5 65. Be7 e4 66. Kxe4 Rf5 67. Rxf6 Rxf6 68. Ke5 1/2-1/2

[Event "Monarch Assurance Isle of Man 12th"]
[Site "Port Erin IOM"]
[Date "2003.10.03"]
[Round "7.7"]
[White "Lane, Gary W"]
[Black "Epishin, Vladimir"]
[Result "0-1"]
[WhiteElo "2412"]
[BlackElo "2642"]
[PlyCount "84"]
[EventDate "2003.09.27"]
[EventType "swiss"]
[EventRounds "9"]
[EventCountry "IOM"]
[SourceTitle "BritBase"]
[SourceDate "2008.07.14"]
[SourceVersion "1"]
[SourceVersionDate "2008.07.14"]
[SourceQuality "2"]

1. e4 c5 2. Nf3 e6 3. d4 cxd4 4. Nxd4 a6 5. Bd3 Bc5 6. Nb3 Be7 7. Qg4 g6 8. Qe2
d6 9. a4 Nd7 10. a5 Ne5 11. Nc3 Nf6 12. O-O O-O 13. Be3 Nxd3 14. cxd3 e5 15. d4
Be6 16. d5 Bd7 17. f4 exf4 18. Bxf4 Ng4 19. Nd4 Ne5 20. Bh6 Re8 21. Qf2 Rc8 22.
Qf4 Rc4 23. Nf3 f5 24. Ng5 Ng4 25. Nf7 Kxf7 26. Qxg4 Bf6 27. Qg3 Be5 28. Bf4
Bxc3 29. bxc3 Rexe4 30. Bxd6 h5 31. Bb4 Bb5 32. Rfd1 h4 33. Qf2 h3 34. g3 Rxb4
35. cxb4 Re2 36. Qf4 Qf6 37. g4 Re4 38. Qc7+ Kg8 39. Qxb7 Qg5 40. Qb8+ Kg7 41.
Kh1 f4 42. Qc8 Re1+ {(scoresheets very difficult but I think this is complete
and what was played)} 0-1

[Event "Monarch Assurance Isle of Man 12th"]
[Site "Port Erin IOM"]
[Date "2003.10.03"]
[Round "7.8"]
[White "Al Modiahki, Mohamad"]
[Black "Del Rio Angelis, Salvador Gabriel"]
[Result "0-1"]
[WhiteElo "2574"]
[BlackElo "2479"]
[PlyCount "86"]
[EventDate "2003.09.27"]
[EventType "swiss"]
[EventRounds "9"]
[EventCountry "IOM"]
[SourceTitle "BritBase"]
[SourceDate "2008.07.14"]
[SourceVersion "1"]
[SourceVersionDate "2008.07.14"]
[SourceQuality "2"]

1. e4 e6 2. d4 d5 3. Nc3 Bb4 4. e5 Ne7 5. a3 Bxc3+ 6. bxc3 c5 7. Qg4 O-O 8. Bd3
f5 9. exf6 Rxf6 10. Bg5 Nd7 11. Qh4 h6 12. Bxf6 Nxf6 13. dxc5 e5 14. f3 e4 15.
fxe4 dxe4 16. Bc4+ Kh7 17. Ne2 Nf5 18. Qf4 Qa5 19. O-O-O Qxa3+ 20. Kb1 Qxc5 21.
Bb3 a5 22. g4 a4 23. gxf5 axb3 24. cxb3 Nd5 25. Qe5 Qa3 26. c4 Qxb3+ 27. Qb2
Qxc4 28. Rd4 Qc5 29. Rc1 Qa5 30. Ng3 Nf6 31. Rdc4 Bd7 32. Rc5 Qa6 33. Rc7 Bb5
34. Rxg7+ Kxg7 35. Nh5+ Kh8 36. Qxf6+ Qxf6 37. Nxf6 Bd3+ 38. Kb2 Rf8 39. Ng4
Rxf5 40. Rc7 h5 41. Ne3 Rf3 42. Nc4 Rf2+ 43. Kb3 Rc2 0-1

[Event "Monarch Assurance Isle of Man 12th"]
[Site "Port Erin IOM"]
[Date "2003.10.03"]
[Round "7.9"]
[White "Korneev, Oleg"]
[Black "Prasad, Devaki V"]
[Result "1-0"]
[WhiteElo "2561"]
[BlackElo "2407"]
[PlyCount "89"]
[EventDate "2003.09.27"]
[EventType "swiss"]
[EventRounds "9"]
[EventCountry "IOM"]
[SourceTitle "BritBase"]
[SourceDate "2008.07.14"]
[SourceVersion "1"]
[SourceVersionDate "2008.07.14"]
[SourceQuality "2"]

1. e4 e5 2. Nf3 Nc6 3. Bb5 a6 4. Ba4 Nf6 5. O-O Be7 6. Re1 b5 7. Bb3 d6 8. c3
O-O 9. h3 Bb7 10. d4 Re8 11. Nbd2 Bf8 12. d5 Nb8 13. Nf1 Nbd7 14. N3h2 Nc5 15.
Bc2 a5 16. b4 axb4 17. cxb4 Na6 18. Rb1 c6 19. dxc6 Bxc6 20. Bg5 Nc7 21. Ng4
Be7 22. Bxf6 Bxf6 23. Bb3 Bg5 24. Qc2 Ra6 25. Rbd1 Qe7 26. Nfe3 Bxe3 27. Nxe3
g6 28. Qd2 Bd7 29. Rc1 Bc6 30. Rcd1 h5 31. Qd3 Bb7 32. Rc1 Rea8 33. Rc3 Ne6 34.
Bxe6 Qxe6 35. a3 Kg7 36. Rec1 R8a7 37. R1c2 Ba8 38. Rc1 Qf6 39. Rb3 Qf4 40. f3
Qg5 41. Rc8 Qe7 42. Rbc3 Qd7 43. Qd2 Qe7 44. Rh8 Qg5 45. Rcc8 1-0